Operating System Principles (Record no. 24035)

000 -LEADER
fixed length control field 00197nam a22000737a 4500
003 - CONTROL NUMBER IDENTIFIER
control field Nust
005 - DATE AND TIME OF LATEST TRANSACTION
control field 20170405170858.0
008 - FIXED-LENGTH DATA ELEMENTS--GENERAL INFORMATION
fixed length control field 140502b xxu||||| |||| 00| 0 eng d
020 ## - INTERNATIONAL STANDARD BOOK NUMBER
Terms of availability Available
International Standard Book Number 9812531769
040 ## - CATALOGING SOURCE
Original cataloging agency DLC
Language of cataloging DLC
Transcribing agency RCMS
082 ## - DEWEY DECIMAL CLASSIFICATION NUMBER
Edition number 7th, ed.
Classification number 005.43 SIL
100 ## - MAIN ENTRY--PERSONAL NAME
Personal name Abraham Silberschatz
245 ## - TITLE STATEMENT
Title Operating System Principles
250 ## - EDITION STATEMENT
Edition statement 7th, ed.
260 ## - PUBLICATION, DISTRIBUTION, ETC.
Place of publication, distribution, etc. India
Name of publisher, distributor, etc. John Wiley & Sons (Asia) Pte Led
Date of publication, distribution, etc. c2006
300 ## - PHYSICAL DESCRIPTION
Extent xiii, 896 p. :
Other physical details ill, ;
Dimensions 26 cm.
538 ## - SYSTEM DETAILS NOTE
Display text Shelf # 12, Row # 1, System Engineering.
650 ## - SUBJECT ADDED ENTRY--TOPICAL TERM
Topical term or geographic name entry element Computer Software
856 ## - ELECTRONIC LOCATION AND ACCESS
Materials specified Table of Content Only.
942 ## - ADDED ENTRY ELEMENTS (KOHA)
Source of classification or shelving scheme
Koha item type Book
Call number prefix 005.43 SIL
Holdings
Withdrawn status Lost status Source of classification or shelving scheme Damaged status Not for loan Permanent Location Current Location Shelving location Date acquired Total Checkouts Total Renewals Full call number Barcode Date last seen Date last checked out Price effective from Koha item type
          Central Library (CL) Central Library (CL) First Floor - Operating System/ Data Structure 05/02/2014 2 1 005.43SIL RCMS000484 06/06/2023 02/25/2023 05/02/2014 Book
          NUST Baluchistan Campus (NBC) NUST Baluchistan Campus (NBC) General Stacks 05/05/2014     005.43SIL RCMS000525 05/05/2014   05/05/2014 Book
© 2023 Central Library, National University of Sciences and Technology. All Rights Reserved.